[Event "XVII MetLife Najdorf Open 2017"]
[Site "Warsaw"]
[Date "2017.07.16"]
[Round "8"]
[White "Krstulovic, Alex"]
[Black "Baskin, Robert"]
[Result "1/2-1/2"]
[WhiteElo "2252"]
[BlackElo "2330"]
[Annotator "NA"]
[PlyCount "38"]
[EventDate "2017.??.??"]
[EventType "swiss"]
[EventCountry "POL"]
[SourceTitle "playchess.com"]
[Source "ChessBase"]
[SourceQuality "1"]
[TimeControl "40/5400+30:1800+30"]

1. d4 Nf6 2. c4 e6 3. Nf3 d5 4. Nc3 Bb4 5. Bg5 h6 6. Bxf6 Qxf6 7. e3 O-O 8. Rc1 dxc4 9. Bxc4 c5 10. O-O cxd4 11. exd4 Rd8 12. Ne4 Qe7 13. a3 Ba5 14. Qe2 Nc6 15. Rfd1 Bd7 16. Nc5 Be8 17. b4 Bb6 18. Qb2 a5 19. Rd2 axb4 1/2-1/2

[Event "XVII MetLife Najdorf Open 2017"]
[Site "Warsaw"]
[Date "2017.07.16"]
[Round "8"]
[White "Yogesh, Gautam"]
[Black "Winiarski, Mikolaj"]
[Result "1/2-1/2"]
[WhiteElo "2243"]
[BlackElo "2295"]
[Annotator "NA"]
[PlyCount "121"]
[EventDate "2017.??.??"]
[EventType "swiss"]
[EventCountry "POL"]
[SourceTitle "playchess.com"]
[Source "ChessBase"]
[SourceQuality "1"]
[TimeControl "40/5400+30:1800+30"]

1. e4 {[%emt 0:00:00]} c5 {[%emt 0:00:05]} 2. Nf3 {[%emt 0:00:56]} d6 {[%emt 0:00:04]} 3. d4 {[%emt 0:00:04]} cxd4 {[%emt 0:00:03]} 4. Nxd4 {[%emt 0:00:03]} Nf6 {[%emt 0:00:03]} 5. Nc3 {[%emt 0:00:04]} g6 {[%emt 0:00:10]} 6. f4 {[%emt 0:00:04]} Nc6 {[%emt 0:00:06]} 7. Nxc6 {[%emt 0:00:02]} bxc6 {[%emt 0:00:08]} 8. e5 {[%emt 0:00:02]} Nd7 {[%emt 0:00:18]} 9. exd6 {[%emt 0:00:01]} exd6 {[%emt 0:00:09]} 10. Be3 {[%emt 0:00:01]} Be7 {[%emt 0:00:12]} 11. Qd2 {[%emt 0:00:05]} d5 {[%emt 0:02:05]} 12. O-O-O {[%emt 0:01:42]} O-O {[%emt 0:00:09]} 13. h4 {[%emt 0:01:30]} Nf6 {[%emt 0:00:32]} 14. Be2 {[%emt 0:03:20]} h5 {[%emt 0:03:14]} 15. Bf3 {[%emt 0:05:38]} Ng4 {[%emt 0:10:32]} 16. Bd4 {[%emt 0:07:35]} Bf5 {[%emt 0:19:41]} 17. Bxg4 {[%emt 0:21:17]} Bxg4 {[%emt 0:00:06]} 18. f5 {[%emt 0:00:04]} Bxf5 {[%emt 0:01:21]} 19. Rdf1 {[%emt 0:00:07]} Bf6 {[%emt 0:05:46]} 20. Rxf5 {[%emt 0:02:01]} Bxd4 {[%emt 0:05:03]} 21. Qxd4 {[%emt 0:03:52]} gxf5 {[%emt 0:00:05]} 22. Rh3 {[%emt 0:00:01]} Qd6 {[%emt 0:01:33]} 23. Ne2 {[%emt 0:02:38]} Qh6+ {[%emt 0:03:25]} 24. Nf4 {[%emt 0:02:11]} Kh7 {[%emt 0:02:17]} 25. Qe5 {[%emt 0:02:53]} Rae8 {[%emt 0:01:06]} 26. Qxf5+ {[%emt 0:00:25]} Kh8 {[%emt 0:00:07]} 27. Rg3 {[%emt 0:06:00]} Rg8 {[%emt 0:02:41]} 28. Qxf7 {[%emt 0:02:46]} Rgf8 {[%emt 0:01:30]} 29. Qxh5 {[%emt 0:03:02]} Qxh5 {[%emt 0:00:24]} 30. Nxh5 {[%emt 0:00:01]} Re5 {[%emt 0:02:54]} 31. Rg5 {[%emt 0:01:20]} Rxg5 {[%emt 0:00:47]} 32. hxg5 {[%emt 0:00:02]} Rf1+ {[%emt 0:16:10]} 33. Kd2 {[%emt 0:00:01]} Rf2+ {[%emt 0:00:09]} 34. Kc3 {[%emt 0:01:05]} Rxg2 {[%emt 0:00:18]} 35. Nf4 {[%emt 0:07:04]} Rg4 {[%emt 0:06:02]} 36. Nd3 {[%emt 0:03:49]} Kg7 {[%emt 0:04:28]} 37. b3 {[%emt 0:06:31]} Rxg5 {[%emt 0:11:56]} 38. Kd4 {[%emt 0:00:32]} Rg2 {[%emt 0:01:48]} 39. Nb4 {[%emt 0:00:29]} a5 {[%emt 0:01:37]} 40. Nxc6 {[%emt 0:00:00]} Rxc2 {[%emt 0:00:11]} 41. Kxd5 {[%emt 0:02:42]} Rxa2 {[%emt 0:00:16]} 42. Kc4 {[%emt 0:00:11]} a4 {[%emt 0:00:33]} 43. bxa4 {[%emt 0:00:08]} Rxa4+ {[%emt 0:00:05]} 44. Kd5 {[%emt 0:00:06]} Kf6 {[%emt 0:00:11]} 45. Nd4 {[%emt 0:00:21]} Ra5+ {[%emt 0:00:29]} 46. Ke4 {[%emt 0:00:52]} Re5+ {[%emt 0:00:31]} 47. Kf4 {[%emt 0:00:06]} Rd5 {[%emt 0:00:21]} 48. Ke4 {[%emt 0:00:11]} Re5+ {[%emt 0:00:23]} 49. Kf4 {[%emt 0:00:01]} Re8 {[%emt 0:00:07]} 50. Nf3 {[%emt 0:00:37]} Ke6 {[%emt 0:00:35]} 51. Ke4 {[%emt 0:00:57]} Kd6+ {[%emt 0:00:09]} 52. Kd4 {[%emt 0:00:23]} Rf8 {[%emt 0:00:50]} 53. Ke4 {[%emt 0:00:08]} Re8+ {[%emt 0:00:04]} 54. Kd4 {[%emt 0:00:02]} Re2 {[%emt 0:00:08]} 55. Ng5 {[%emt 0:00:18]} Rd2+ {[%emt 0:00:19]} 56. Ke4 {[%emt 0:00:21]} Ra2 {[%emt 0:00:23]} 57. Nf7+ {[%emt 0:00:35]} Kc5 {[%emt 0:00:40]} 58. Ng5 {[%emt 0:00:39]} Re2+ {[%emt 0:00:10]} 59. Kd3 {[%emt 0:00:38]} Re8 {[%emt 0:00:30]} 60. Ne4+ {[%emt 0:00:05]} Rxe4 {[%emt 0:00:15]} 61. Kxe4 1/2-1/2

[Event "XVII MetLife Najdorf Open 2017"]
[Site "Warsaw"]
[Date "2017.07.16"]
[Round "8"]
[White "Zochowski, Kacper"]
[Black "Urazayev, Arystanbek"]
[Result "0-1"]
[WhiteElo "2240"]
[BlackElo "2322"]
[Annotator "NA"]
[PlyCount "52"]
[EventDate "2017.??.??"]
[EventType "swiss"]
[EventCountry "POL"]
[SourceTitle "playchess.com"]
[Source "ChessBase"]
[SourceQuality "1"]
[TimeControl "40/5400+30:1800+30"]

1. c4 {[%emt 0:00:00]} Nf6 {[%emt 0:00:06]} 2. g3 {[%emt 0:00:00]} e5 {[%emt 0:00:34]} 3. Bg2 {[%emt 0:00:00]} Bc5 {[%emt 0:00:32]} 4. Nc3 {[%emt 0:01:49]} Nc6 {[%emt 0:00:17]} 5. d3 {[%emt 0:00:52]} d6 {[%emt 0:00:39]} 6. Nf3 {[%emt 0:00:27]} h6 {[%emt 0:00:14]} 7. O-O {[%emt 0:01:38]} a6 {[%emt 0:00:19]} 8. e3 {[%emt 0:06:20]} O-O {[%emt 0:01:38]} 9. a3 {[%emt 0:05:39]} Ba7 {[%emt 0:00:37]} 10. d4 {[%emt 0:19:10]} Bg4 {[%emt 0:05:17]} 11. d5 {[%emt 0:15:51]} Ne7 {[%emt 0:04:46]} 12. h3 {[%emt 0:04:43]} Bh5 {[%emt 0:05:01]} 13. e4 {[%emt 0:02:31]} c6 {[%emt 0:08:56]} 14. Qd3 {[%emt 0:09:34]} cxd5 {[%emt 0:00:51]} 15. cxd5 {[%emt 0:00:14]} Nd7 {[%emt 0:02:51]} 16. b4 {[%emt 0:03:22]} Rc8 {[%emt 0:02:34]} 17. Bd2 {[%emt 0:05:19]} f5 {[%emt 0:23:48]} 18. exf5 {[%emt 0:03:01]} Nxf5 {[%emt 0:00:37]} 19. g4 {[%emt 0:07:18]} Ng3 {[%emt 0:01:53]} 20. gxh5 {[%emt 0:04:57]} Rxc3 {[%emt 0:00:21]} 21. Bxc3 {[%emt 0:04:13]} e4 {[%emt 0:00:05]} 22. Qc2 {[%emt 0:01:57]} exf3 {[%emt 0:01:49]} 23. Bxg7 {[%emt 0:01:38]} Qg5 {[%emt 0:06:13]} 24. Kh2 {[%emt 0:00:17]} Nxf1+ {[%emt 0:03:53]} 25. Bxf1 {[%emt 0:00:03]} Qxg7 {[%emt 0:01:02]} 26. Re1 {[%emt 0:00:45]} Ne5 {[%emt 0:00:30]} 0-1

[Event "XVII MetLife Najdorf Open 2017"]
[Site "Warsaw"]
[Date "2017.07.16"]
[Round "8"]
[White "Szadkowski, Kamil"]
[Black "Das, Arghyadip"]
[Result "1/2-1/2"]
[WhiteElo "2237"]
[BlackElo "2416"]
[Annotator "TA"]
[PlyCount "164"]
[EventDate "2017.??.??"]
[EventType "swiss"]
[EventCountry "POL"]
[SourceTitle "playchess.com"]
[Source "ChessBase"]
[SourceQuality "1"]

1. e4 {Program Activation Required} e6 2. d4 d5 3. Nd2 Be7 4. Bd3 c5 5. exd5 (5. dxc5 Nf6 6. Ngf3 dxe4 7. Nxe4 Nxe4 8. Bxe4 Qxd1+ 9. Kxd1 Bxc5 10. Be3 Bxe3 11. fxe3 Nd7 12. Nd2 Ke7 13. Ke2 Nc5 14. Bf3 Bd7 15. c4 {½-½ (76) Duda,J (2707)-So,W (2810) Leon 2017}) 5... Qxd5 6. Bb5+ {C03: French Tarrasch: Unusual Black 3rd moves} Nd7 $146 ({NOTEXT:} 6... Bd7 7. Bxd7+ Nxd7 8. Ndf3 e5 9. dxe5 Qxd1+ 10. Kxd1 O-O-O 11. Ke2 f6 12. Bf4 fxe5 13. Bxe5 {1-0 (35) Zatyko,F (1777)-Arns,D (1841) Maastricht 2015}) 7. dxc5 Qxg2 8. Qf3 Qxf3 9. Ngxf3 Bxc5 10. Ne4 Be7 11. Bf4 a6 12. Be2 b5 13. Rg1 Bb7 14. Nd6+ Bxd6 15. Bxd6 Nh6 16. a4 Nf5 17. Ba3 bxa4 18. Rg4 Rc8 19. Nd4 g6 20. Rd1 Ne7 21. Nf3 Bxf3 22. Bxf3 Ne5 23. Rg3 Nxf3+ 24. Rxf3 Rxc2 25. Rd4 Nd5 26. Rxa4 Rc6 27. Rd4 f5 28. Rb3 Kf7 29. Rb7+ Kf6 30. Ra4 h5 31. Ra7 Nc7 32. b4 e5 33. Bb2 g5 34. Kf1 Rb8 35. Rxc7 Rxc7 36. Rxa6+ Kf7 37. Bxe5 Rc1+ 38. Kg2 Rxb4 39. Rf6+ Ke7 40. Rxf5 Rg4+ 41. Bg3 h4 42. h3 Rgc4 43. Be5 g4 44. Rg5 gxh3+ 45. Kxh3 Rh1+ 46. Kg2 Re1 47. Kh3 Ke6 48. Bb8 Rh1+ 49. Kg2 Rb1 50. Ba7 Rcc1 51. Rh5 Rg1+ 52. Kf3 Rb4 53. Be3 Rgg4 54. Bd2 Ra4 55. Be3 Kf6 56. Rh6+ Kg7 57. Rh5 Rac4 58. Rh6 Kg8 59. Rh5 Ra4 60. Rh6 Rg7 61. Rh5 Rh7 62. Rxh7 Kxh7 63. Kg2 Kg6 64. Kh3 Kh5 65. Bc5 Rf4 66. Be3 Rf3+ 67. Kg2 Kg4 68. Ba7 Rf7 69. Bb6 Rh7 70. Be3 Rh8 71. Bd4 Rh6 72. Be3 Rh7 73. Bd4 h3+ 74. Kh2 Kf3 75. Be3 Rh8 76. Bd4 Rd8 77. Be3 Rg8 78. Bd4 Rg6 79. Be3 Kg4 80. Bc5 Rg8 81. Bd4 Kh4 82. Bf6+ Kg4 1/2-1/2

[Event "XVII MetLife Najdorf Open 2017"]
[Site "Warsaw"]
[Date "2017.07.16"]
[Round "8"]
[White "Dzierzak, Radoslaw"]
[Black "Raja Harshit"]
[Result "0-1"]
[WhiteElo "2231"]
[BlackElo "2377"]
[Annotator "NA"]
[PlyCount "124"]
[EventDate "2017.??.??"]
[EventType "swiss"]
[EventCountry "POL"]
[SourceTitle "playchess.com"]
[Source "ChessBase"]
[SourceQuality "1"]
[TimeControl "40/5400+30:1800+30"]

1. e4 {[%emt 0:00:00]} c5 {[%emt 0:00:17]} 2. Nf3 {[%emt 0:00:00]} d6 {[%emt 0:00:15]} 3. Bb5+ {[%emt 0:00:21]} Nd7 {[%emt 0:00:28]} 4. O-O {[%emt 0:00:39]} a6 {[%emt 0:00:03]} 5. Bd3 {[%emt 0:00:32] B51: Sicilian: Moscow Variation (3 Bb5+) without 3...Bd7} Ngf6 {[%emt 0:01:11]} (5... b5 6. Re1 Bb7 7. a4 b4 8. Bc4 Ngf6 9. d3 e6 10. Nbd2 Be7 11. Nf1 O-O 12. Ng3 d5 {1-0 (50) Vachier Lagrave,M (2783)-Nepomniachtchi,I (2766) Leuven 2017}) 6. c3 {[%emt 0:00:26]} b5 {[%emt 0:00:45]} 7. Bc2 {[%emt 0:00:32]} Bb7 {[%emt 0:00:15]} 8. Qe2 {[%emt 0:00:16]} e5 {[%emt 0:01:54]} 9. d4 {[%emt 0:01:47]} Be7 {[%emt 0:01:05]} 10. a4 {[%emt 0:02:39]} O-O {[%emt 0:03:32]} 11. d5 {[%emt 0:05:57]} c4 {[%emt 0:03:46]} 12. Nh4 $146 {[%emt 0:04:19]} ({Predecessor:} 12. Be3 Ng4 13. Bd2 Nc5 14. h3 Nf6 15. Na3 Qd7 16. Nh2 Rae8 17. Rfe1 Bd8 {½-½ (35) Soltanici,R (2346)-Raznikov,D (2495) Albena 2014}) 12... Nxd5 {[%emt 0:07:09]} 13. Nf5 {[%emt 0:00:33]} N5f6 {[%emt 0:00:32]} 14. Rd1 {[%emt 0:01:22]} Nc5 {[%emt 0:00:14]} 15. f3 {[%emt 0:00:37]} g6 {[%emt 0:03:22]} 16. Nxe7+ {[%emt 0:02:54]} Qxe7 {[%emt 0:01:03]} 17. Bg5 {[%emt 0:04:01]} Ne6 {[%emt 0:03:15]} 18. Bxf6 {[%emt 0:02:54]} Qxf6 {[%emt 0:00:05]} 19. Rxd6 {[%emt 0:00:58]} Rad8 {[%emt 0:00:37]} 20. Rxd8 {[%emt 0:01:05]} Rxd8 {[%emt 0:00:05]} 21. Na3 {[%emt 0:05:29]} Nf4 {[%emt 0:02:56]} 22. Qf2 {[%emt 0:03:17]} Qg5 {[%emt 0:00:08]} 23. Kh1 {[%emt 0:01:41]} Bc6 {[%emt 0:01:01]} 24. axb5 {[%emt 0:09:11]} axb5 {[%emt 0:02:04]} 25. b3 {[%emt 0:01:59]} Ra8 {[%emt 0:04:13]} 26. bxc4 {[%emt 0:02:27]} bxc4 {[%emt 0:00:14]} 27. g3 {[%emt 0:02:03]} Nd3 {[%emt 0:04:17]} 28. Bxd3 {[%emt 0:08:10]} cxd3 {[%emt 0:00:09]} 29. Qc5 {[%emt 0:14:40]} Ba4 {[%emt 0:05:56]} 30. Nc4 {[%emt 0:04:47]} d2 {[%emt 0:03:01]} 31. Nb2 {[%emt 0:01:25]} Qf6 {[%emt 0:18:03]} 32. Kg2 {[%emt 0:00:51]} Qa6 {[%emt 0:00:30]} 33. c4 {[%emt 0:02:20]} Rd8 {[%emt 0:04:35]} 34. Qg1 {[%emt 0:02:54]} d1=R {[%emt 0:01:51]} 35. Nxd1 {[%emt 0:00:12]} Qxc4 {[%emt 0:00:48]} 36. Nf2 {[%emt 0:03:03]} Rd2 {[%emt 0:00:18]} 37. Qe1 {[%emt 0:01:41]} Rc2 {[%emt 0:00:04]} 38. Qe3 {[%emt 0:04:50]} Kg7 {[%emt 0:00:35]} 39. g4 {[%emt 0:02:07]} Bb5 {[%emt 0:00:39]} 40. Re1 {[%emt 0:00:00]} h6 {[%emt 0:03:35]} 41. g5 {[%emt 0:07:17]} h5 {[%emt 0:04:16]} 42. Kg3 {[%emt 0:08:48]} Rc3 {[%emt 0:01:20]} 43. Qb6 {[%emt 0:02:31]} Bc6 {[%emt 0:07:16]} 44. Qd8 {[%emt 0:01:29]} Rc1 {[%emt 0:01:50]} 45. Rd1 {[%emt 0:05:12]} Rxd1 {[%emt 0:00:06]} 46. Qxd1 {[%emt 0:00:19]} Qc5 {[%emt 0:01:27]} 47. Qd8 {[%emt 0:01:22] [#]} (47. h4 $11 {keeps the balance.}) 47... Qc1 $1 {[%emt 0:00:05]} 48. Qf6+ {[%emt 0:10:44]} Kg8 {[%emt 0:00:08]} 49. Kg2 {[%emt 0:01:07]} Bb5 {[%emt 0:00:10]} 50. Qxe5 {[%emt 0:00:35]} Qf1+ {[%emt 0:00:26]} 51. Kg3 {[%emt 0:00:14]} Qg1+ {[%emt 0:00:01]} 52. Kh4 {[%emt 0:00:48]} Qxf2+ {[%emt 0:00:04]} 53. Qg3 {[%emt 0:00:03]} Qxg3+ {[%emt 0:00:19]} 54. Kxg3 {[%emt 0:00:19]} Kf8 {[%emt 0:00:28]} 55. Kf4 {[%emt 0:00:13]} Ke7 {[%emt 0:02:37]} 56. Ke5 {[%emt 0:00:09]} Bd3 {[%emt 0:00:50]} 57. h4 {[%emt 0:00:33]} Bb1 {[%emt 0:01:10]} 58. f4 {[%emt 0:01:47]} Bc2 {[%emt 0:00:04]} 59. f5 {[%emt 0:00:22]} gxf5 {[%emt 0:00:44]} 60. Kxf5 {[%emt 0:00:36]} Bd1 {[%emt 0:00:37]} 61. g6 {[%emt 0:00:32]} fxg6+ {[%emt 0:00:13]} 62. Kxg6 {[%emt 0:00:06]} Ke6 {[%emt 0:00:02]} 0-1

[Event "XVII MetLife Najdorf Open 2017"]
[Site "Warsaw"]
[Date "2017.07.16"]
[Round "8"]
[White "Kowalski, Igor"]
[Black "Pacan-Milej, Kosma"]
[Result "1/2-1/2"]
[WhiteElo "2226"]
[BlackElo "2332"]
[Annotator "NA"]
[PlyCount "90"]
[EventDate "2017.??.??"]
[EventType "swiss"]
[EventCountry "POL"]
[SourceTitle "playchess.com"]
[Source "ChessBase"]
[SourceQuality "1"]
[TimeControl "40/5400+30:1800+30"]

1. c4 c6 2. d4 d5 3. Nf3 Nf6 4. e3 a6 5. c5 {D11: Slav Defence: 3 Nf3 sidelines and 3...Nf6 4 e3 Bg4} (5. Bd3 Bg4 6. Nbd2 e6 7. h3 Bh5 8. b3 Nbd7 9. Bb2 Bg6 10. Bxg6 hxg6 11. Qc2 Bb4 12. O-O O-O 13. Bc3 Bxc3 14. Qxc3 {1-0 (63) Nakamura,H (2785)-Carlsen,M (2832) Paris 2017}) 5... g6 6. Nc3 Bg7 7. Ne5 O-O $146 ({Predecessor:} 7... Nfd7 8. f4 f6 9. Nf3 e5 10. e4 exd4 11. Qxd4 Qe7 12. Be3 f5 13. e5 {1-0 (27) Lopez Martinez,J (2549)-Andres Gonzalez,I (2354) Linares 2014}) 8. Bd3 Nfd7 9. Nxd7 Nxd7 10. f4 b6 11. cxb6 c5 12. Nxd5 Nxb6 13. Nxb6 Qxb6 14. dxc5 Qxc5 15. O-O Bb7 16. Qc2 Qd5 17. Bc4 Qc6 18. Bb3 Qxc2 19. Bxc2 Rac8 20. Bb3 Be4 21. a4 Rc7 22. Bd1 Bd3 23. Re1 Rfc8 24. Bf3 Rc2 25. a5 h5 26. Kh1 e5 27. e4 Bh6 28. Rd1 Bb5 29. Rb1 exf4 30. Bd2 Bg7 31. Bxf4 Bxb2 32. Be3 Be2 33. Re1 Bxf3 34. gxf3 Bc3 35. Rec1 Bxa5 36. Rxc2 Rxc2 37. Ra1 Bc7 38. Rxa6 Rxh2+ 39. Kg1 Rb2 40. Bd4 Rb8 41. e5 Rd8 42. Bc3 Re8 43. f4 g5 44. Rh6 gxf4 45. Rxh5 Kg7 $11 1/2-1/2

[Event "XVII MetLife Najdorf Open 2017"]
[Site "Warsaw"]
[Date "2017.07.16"]
[Round "8"]
[White "Karwowski, Kacper"]
[Black "Zujev, Oleg"]
[Result "1/2-1/2"]
[WhiteElo "2221"]
[BlackElo "2366"]
[Annotator "NA"]
[PlyCount "85"]
[EventDate "2017.??.??"]
[EventType "swiss"]
[EventCountry "POL"]
[SourceTitle "playchess.com"]
[Source "ChessBase"]
[SourceQuality "1"]
[TimeControl "40/5400+30:1800+30"]

1. e4 {[%emt 0:00:00]} c5 {[%emt 0:00:07]} 2. c3 {[%emt 0:00:01]} d5 {[%emt 0:00:05]} 3. exd5 {[%emt 0:00:31]} Qxd5 {[%emt 0:00:05]} 4. d4 {[%emt 0:00:08]} e6 {[%emt 0:00:05]} 5. Nf3 {[%emt 0:00:39]} Nf6 {[%emt 0:00:07]} 6. Be2 {[%emt 0:00:47]} cxd4 {[%emt 0:03:36]} 7. cxd4 {[%emt 0:00:23]} Nc6 {[%emt 0:01:01]} 8. O-O {[%emt 0:00:53]} Be7 {[%emt 0:00:35]} 9. Nc3 {[%emt 0:00:07]} Qa5 {[%emt 0:00:08]} 10. Bf4 {[%emt 0:10:30]} O-O {[%emt 0:01:36]} 11. Qb3 {[%emt 0:02:35]} Qb4 {[%emt 0:05:22]} 12. Rfd1 {[%emt 0:02:15]} Qxb3 {[%emt 0:02:31]} 13. axb3 {[%emt 0:00:08]} Nb4 {[%emt 0:05:09]} 14. Bc4 {[%emt 0:08:46]} Bd7 {[%emt 0:11:39]} 15. Ne5 {[%emt 0:04:22]} Rfd8 {[%emt 0:03:03]} 16. Nxd7 {[%emt 0:04:41]} Rxd7 {[%emt 0:00:12]} 17. Be5 {[%emt 0:00:23]} h6 {[%emt 0:21:09]} 18. Bxf6 {[%emt 0:22:55]} Bxf6 {[%emt 0:02:01]} 19. d5 {[%emt 0:03:54]} Bxc3 {[%emt 0:00:36]} 20. bxc3 {[%emt 0:00:49]} Nxd5 {[%emt 0:00:09]} 21. Bxd5 {[%emt 0:01:35]} Rxd5 {[%emt 0:00:08]} 22. Rxd5 {[%emt 0:00:05]} exd5 {[%emt 0:00:04]} 23. Kf1 {[%emt 0:00:52]} a6 {[%emt 0:01:23]} 24. Ke2 {[%emt 0:00:17]} f6 {[%emt 0:07:14]} 25. Kd3 {[%emt 0:02:47]} Kf7 {[%emt 0:00:27]} 26. Re1 {[%emt 0:05:33]} Rc8 {[%emt 0:03:13]} 27. Kd4 {[%emt 0:01:15]} b6 {[%emt 0:00:29]} 28. Re3 {[%emt 0:03:08]} Rc5 {[%emt 0:00:10]} 29. b4 {[%emt 0:00:50]} Rb5 {[%emt 0:00:13]} 30. Re1 {[%emt 0:01:12]} a5 {[%emt 0:01:49]} 31. Rb1 {[%emt 0:00:06]} Kg6 {[%emt 0:03:34]} 32. g3 {[%emt 0:09:45]} Kg5 {[%emt 0:02:04]} 33. f3 {[%emt 0:00:41]} h5 {[%emt 0:00:17]} 34. Rb2 {[%emt 0:01:39]} h4 {[%emt 0:01:24]} 35. Rb1 {[%emt 0:00:34]} hxg3 {[%emt 0:08:18]} 36. hxg3 {[%emt 0:00:11]} f5 {[%emt 0:06:55]} 37. Ke5 {[%emt 0:00:33]} d4+ {[%emt 0:00:11]} 38. Kxd4 {[%emt 0:00:15]} f4 {[%emt 0:00:06]} 39. Rg1 {[%emt 0:04:10]} axb4 {[%emt 0:01:10]} 40. gxf4+ {[%emt 0:00:00]} Kxf4 {[%emt 0:00:08]} 41. Rxg7 {[%emt 0:03:49]} bxc3 {[%emt 0:04:22]} 42. Kxc3 {[%emt 0:00:26]} Kxf3 {[%emt 0:00:13]} 43. Re7 {[%emt 0:00:08]} 1/2-1/2

[Event "XVII MetLife Najdorf Open 2017"]
[Site "Warsaw"]
[Date "2017.07.16"]
[Round "8"]
[White "Walter, Szymon"]
[Black "Othman, A  Moussa"]
[Result "1/2-1/2"]
[WhiteElo "2220"]
[BlackElo "2277"]
[Annotator "NA"]
[PlyCount "45"]
[EventDate "2017.??.??"]
[EventType "swiss"]
[EventCountry "POL"]
[SourceTitle "playchess.com"]
[Source "ChessBase"]
[SourceQuality "1"]
[TimeControl "40/5400+30:1800+30"]

1. e4 {[%emt 0:00:00]} c6 {[%emt 0:02:55]} 2. d4 {[%emt 0:00:36]} d5 {[%emt 0:00:05]} 3. Nc3 {[%emt 0:00:20]} dxe4 {[%emt 0:01:40]} 4. Nxe4 {[%emt 0:00:06]} Bf5 {[%emt 0:00:10]} 5. Ng3 {[%emt 0:00:09]} Bg6 {[%emt 0:00:07]} 6. N1e2 {[%emt 0:01:13]} Nf6 {[%emt 0:06:59]} 7. h4 {[%emt 0:00:08]} h6 {[%emt 0:00:24]} 8. Nf4 {[%emt 0:00:17]} Bh7 {[%emt 0:00:29]} 9. Bc4 {[%emt 0:00:09]} Nbd7 {[%emt 0:06:25]} 10. O-O {[%emt 0:00:51]} Nb6 {[%emt 0:01:12]} 11. Bb3 {[%emt 0:00:23]} Nbd5 {[%emt 0:00:50]} 12. Re1 {[%emt 0:16:55]} e6 {[%emt 0:08:42]} 13. Ngh5 {[%emt 0:04:04]} Nxf4 {[%emt 0:15:46]} 14. Bxf4 {[%emt 0:05:25]} Bg6 {[%emt 0:00:41]} 15. Nxf6+ {[%emt 0:07:17]} Qxf6 {[%emt 0:01:45]} 16. Qg4 {[%emt 0:01:43]} Bf5 {[%emt 0:06:50]} 17. Qg3 {[%emt 0:06:30]} Qg6 {[%emt 0:13:57]} 18. Qe3 {[%emt 0:04:51]} Be7 {[%emt 0:11:41]} 19. d5 {[%emt 0:05:56]} O-O {[%emt 0:01:47]} 20. dxe6 {[%emt 0:05:12]} Bxe6 {[%emt 0:01:45]} 21. Bxe6 {[%emt 0:00:42]} fxe6 {[%emt 0:00:08]} 22. Qxe6+ {[%emt 0:10:47]} Qxe6 {[%emt 0:00:15]} 23. Rxe6 {[%emt 0:00:06]} 1/2-1/2